ბათუმის შოთა რუსთაველის სახელმწიფო უნივერსიტეტის ბიბლიოთეკა

Краткая энциклопедия Атомая энергия (ბიბ.ჩანაწერი № 44421)

000 -LEADER
fixed length control field 00707nam a2200193Ia 4500
001 - CONTROL NUMBER
control field 11187
003 - CONTROL NUMBER IDENTIFIER
control field GE_BSU
008 - FIXED-LENGTH DATA ELEMENTS--GENERAL INFORMATION
fixed length control field 181216s||||||||xx |||||||||||||| ||und||
040 ## - CATALOGING SOURCE
Transcribing agency GE_BSU
080 ## - UNIVERSAL DECIMAL CLASSIFICATION NUMBER
Universal Decimal Classification number 621.039(03)
245 ## - TITLE STATEMENT
Title Краткая энциклопедия Атомая энергия
245 ## - TITLE STATEMENT
Statement of responsibility, etc. Отв.ред.В.С.Емельянов. Чл. ред коллегии:И.П.Бардин, А.П.Виноградов,В.И.Гольданский.
260 ## - PUBLICATION, DISTRIBUTION, ETC.
Place of publication, distribution, etc. Москва
260 ## - PUBLICATION, DISTRIBUTION, ETC.
Name of publisher, distributor, etc. болшая советская энциклопедия.
260 ## - PUBLICATION, DISTRIBUTION, ETC.
Date of publication, distribution, etc. 1958.
300 ## - PHYSICAL DESCRIPTION
Extent 610стр,23см.
653 ## - INDEX TERM--UNCONTROLLED
Uncontrolled term Краткая энциклопедия Атомая энергия
942 ## - ADDED ENTRY ELEMENTS (KOHA)
Koha item type წიგნი
ეგზემპლარები
Withdrawn status Lost status Damaged status Not for loan Date acquired Barcode Date last seen Price effective from Koha item type
        2018-12-17 19375 2018-12-17 2018-12-17 წიგნი